00253nam a22000977a 4500008004100000082001600041100003800057245003000095260002100125300000900146230620b xxu||||| |||| 00| 0 eng d a316.76bCBS cEconomics and statistics Division aStatistical Abstract 1965 aKenyabCBSc1965 a124p